Statistics for Star Wars: The Clone Wars Episodes

Click here to take the quiz!

General Stats

  • This quiz has been taken 13 times
  • The average score is 47 of 133

Answer Stats

SeasonEpisode no.Answer% Correct
11Ambush
82%
14Destroy Malevolence
73%
12Rising Malevolence
73%
712Victory and Death
73%
32ARC Troopers
64%
410Carnage of Krell
64%
47Darkness on Umbara
64%
110Lair of Grievous
64%
221R2 Come Home
64%
422Revenge
64%
15Rookies
64%
13Shadow of Malevolence
64%
71The Bad Batch
64%
417The Box
64%
318The Citadel
64%
520The Wrong Jedi
64%
65An Old Friend
55%
117Blue Shadow Virus
55%
18Bombad Jedi
55%
216Cat and Mouse
55%
31Clone Cadets
55%
111Dooku Captured
55%
119Storm Over Ryloth
55%
218The Zillo Beast
55%
41Water War
55%
72A Distant Echo
45%
511A Sunny Day in the Void
45%
23Children of the Force
45%
320Citadel Rescue
45%
16Downfall of a Droid
45%
17Duel of the Droids
45%
75Gone with a Trace
45%
21Holocron Heist
45%
120Innocents of Ryloth
45%
25Landing at Point Rain
45%
121Liberty on Ryloth
45%
211Lightsaber Lost
45%
45Mercy Mission
45%
313Monster
45%
79Old Friends Not Forgotten
45%
321Padawan Lost
45%
24Senate Spy
45%
516The Lawless
45%
219The Zillo Beast Strikes Back
45%
519To Catch a Jedi
45%
26Weapons Factory
45%
420Bounty
36%
28Brain Invaders
36%
421Brothers
36%
317Ghosts of Mortis
36%
122Hostage Crisis
36%
113Jedi Crash
36%
512Missing in Action
36%
46Nomad Droids
36%
710Phantom Apprentice
36%
513Point of No Return
36%
517Sabotage
36%
613Sacrifice
36%
711Shattered
36%
33Supply Lines
36%
68The Disappeared: Part 1
36%
69The Disappeared: Part 2
36%
48The General
36%
112The Gungan General
36%
212The Mandalore Plot
36%
314Witches of the Mist
36%
414A Friend in Need
27%
316Altar of Mortis
27%
37Assassin
27%
217Bounty Hunters
27%
67Crisis at the Heart
27%
220Death Trap
27%
413Escape from Kadavo
27%
38Evil Plans
27%
29Grievous Intrigue
27%
39Hunt for Ziro
27%
411Kidnapped
27%
222Lethal Trackdown
27%
419Massacre
27%
118Mystery of the Thousand Moons
27%
312Nightsisters
27%
64Orders
27%
315Overlords
27%
210The Deserter
27%
116The Hidden Enemy
27%
518The Jedi Who Knew Too Much
27%
610The Lost Ones
27%
66The Rise of Clovis
27%
115Trespass
27%
611Voices
27%
213Voyage of Temptation
27%
59A Necessary Bond
18%
57A Test of Strength
18%
52A War on Two Fronts
18%
58Bound for Rescue
18%
22Cargo of Doom
18%
19Cloak of Darkness
18%
62Conspiracy
18%
35Corruption
18%
319Counterattack
18%
418Crisis on Naboo
18%
77Dangerous Debt
18%
76Deal No Deal
18%
415Deception
18%
114Defenders of Peace
18%
612Destiny
18%
214Duchess of Mandalore
18%
514Eminence
18%
416Friends and Enemies
18%
53Front Runners
18%
63Fugitive
18%
42Gungan Attack
18%
310Heroes on Both Sides
18%
27Legacy of Terror
18%
73On the Wings of Keeradaks
18%
49Plan of Dissent
18%
43Prisoners
18%
311Pursuit of Peace
18%
51Revival
18%
510Secret Weapons
18%
215Senate Murders
18%
515Shades of Reason
18%
44Shadow Warrior
18%
412Slaves of the Republic
18%
34Sphere of Influence
18%
36The Academy
18%
56The Gathering
18%
54The Soft War
18%
61The Unknown
18%
55Tipping Points
18%
78Together Again
18%
74Unfinished Business
18%
322Wookiee Hunt
18%

Score Distribution

Percentile by Number Answered

Percent of People with Each Score

Your Score History

You have not taken this quiz